Reasoning and writing well a rhetoric, research guide, reader, and handbook

সংরক্ষণ করুন:
গ্রন্থ-পঞ্জীর বিবরন
প্রধান লেখক: Dietsch, Betty Mattix
অন্যান্য লেখক: Betty Mattix Dietsch
ভাষা:Undetermined
English
প্রকাশিত: Boston McGraw-Hill 2006
বিষয়গুলি:
ট্যাগগুলো: ট্যাগ যুক্ত করুন
কোনো ট্যাগ নেই, প্রথমজন হিসাবে ট্যাগ করুন!
Thư viện lưu trữ: Trung tâm Học liệu Trường Đại học Trà Vinh
LEADER 00763nam a2200265Ia 4500
001 TVU_16632
008 210423s9999 xx 000 0 und d
020 |a 0072962976 
020 |a 9780072962970 
041 |a eng 
082 |a 808.0427 
082 |b B207 
100 |a Dietsch, Betty Mattix 
245 0 |a Reasoning and writing well 
245 2 |b a rhetoric, research guide, reader, and handbook 
245 0 |c Betty Mattix Dietsch 
260 |a Boston 
260 |b McGraw-Hill 
260 |c 2006 
300 |a xxxii, 726, [70] p. 
300 |b ill. 
300 |c 23 cm 
650 |a English language; English language; College readers; Report writing; Reasoning 
700 |a Betty Mattix Dietsch 
980 |a Trung tâm Học liệu Trường Đại học Trà Vinh